000
00303nam a2200133Ia 4500
100
_a
Bali/ S.P.
942
_c
BK
654
_a
Color Television
245
_a
Colour television :Theory and practice
260
_b
Tata Mc Graw hill
_a
New Delhi
_c
1994
300
_a
535
546
_a
ENGLISH
999
_c
32873
_d
32873